000 00340nam a2200133Ia 4500
008 240624s9999 xx 000 0 und d
041 _aeng
082 _a658.3 AGA
100 _aAGARWALA TANUJA
245 _aSTRATEGIC HUMAN RESORUCE MANAGEMENT
260 _c2007
_aNew Delhi
_bOxford University Press
300 _a816p.
365 _cRS
_b30
999 _c14104
_d14104